| 000 | 00643nam a2200241 a 4500 | ||
|---|---|---|---|
| 001 | BRCA_7930 | ||
| 005 | 20190320210045.0 | ||
| 008 | 070314s1970----enkab##f##---#001-0#eng-# | ||
| 041 | _aeng | ||
| 044 | _aenk | ||
| 050 | 4 |
_aG1025 _b.L58 _c1970 |
|
| 100 | 1 |
_aLister, Raymond _919624 |
|
| 245 | 1 | 0 |
_aAntique maps and their cartographers _cRaymond Lister. |
| 260 |
_aLondres _bBell _c1970 |
||
| 300 |
_a128 p. _bil., mapas, 58 láminas _c25 cm. |
||
| 500 | _a308 | ||
| 504 | _aBilbiografía p.173-175 | ||
| 650 | 1 | 4 |
_aMapas antiguos _919625 |
| 650 | 1 | 4 |
_aCartográfos _919626 |
| 650 | 1 | 4 |
_aGeografía _919627 |
| 902 | _aGFM | ||
| 942 |
_2lcc _cB |
||
| 999 |
_c7600 _d7600 |
||